000 00560nam a2200181 i 4500
001 108702
003 ES-MaACL
005 20250809035219.0
007 t|
008 061121s1903 sp r ||||1| spa d
100 1 _aMontilla y Adan, Juan.
_982659
245 1 0 _aProyecto de Código Penal, 1902 /
_cJuan Montilla y Adán.
260 _aMadrid :
_b[s.n.],
_c1903 (
_fEst. Tip. de la Viuda é Hijos de Tello)
300 _a177 p. ;
_c23 cm.
650 0 4 _aDerecho penal-
_zEspaña
_911752
852 _aES-MaACL
_jT-998-F-12
999 _c108702
_d108702